|
|
|
|
| LEADER |
00000nab a2200000 a 4500 |
| 001 |
vtls000901108 |
| 003 |
SK-MaSNL |
| 005 |
20260302175723.0 |
| 008 |
040720e19990611xo 0 slo |
| 035 |
|
|
|a KE10092
|
| 040 |
|
|
|a KEVKJB
|b slo
|c KEVKJB
|e AACR2
|
| 041 |
0 |
|
|a slo
|
| 044 |
|
|
|a xo
|c SK
|
| 080 |
|
|
|a 374.3
|2 1981
|
| 080 |
|
|
|a 73/76
|2 1981
|
| 080 |
|
|
|a 785.7
|2 1981
|
| 100 |
0 |
|
|a (epot)
|4 aut
|9 883456
|
| 245 |
1 |
0 |
|a Tanečníci zo ZUŠ oslávia 20. výročie založenia školy
|b Od trpaslíkov po návštevníkov z cudzej galaxie
|
| 610 |
2 |
7 |
|a Základná umelecká škola, Bernolákova 26 (Košice, Slovensko)
|2 KEVKJB
|9 878832
|
| 650 |
0 |
7 |
|a školy
|2 KEVKJB
|9 1276
|
| 650 |
0 |
7 |
|a výročie založenia 20.
|2 KEVKJB
|9 478876
|
| 650 |
0 |
7 |
|a programy jubilejné
|2 KEVKJB
|9 886027
|
| 651 |
|
7 |
|a Košice (Slovensko)
|2 KEVKJB
|9 18694
|
| 651 |
|
7 |
|a KE,
|2 KEVKJB
|9 877256
|
| 655 |
|
7 |
|a periodikum
|2 snkbucl
|9 29553
|
| 710 |
2 |
|
|a Základná umelecká škola, Bernolákova 26 (Košice, Slovensko)
|4 aut
|9 878832
|
| 773 |
0 |
8 |
|t Korzár
|g Roč. 2, č.133, 11.6.1999, s. 4
|
| 852 |
|
|
|a ZVYKNI
|b KIS3GCP
|
| 999 |
|
|
|c 1408024
|d 1409954
|